LEADER 00944nam0-22002771i-450- 001 990002532690403321 035 $a000253269 035 $aFED01000253269 035 $a(Aleph)000253269FED01 035 $a000253269 100 $a20000920d1961----km-y0itay50------ba 101 0 $aENG 200 1 $a<>Theory of Economics Development$eAn Inquiry Into Profits , Capital , Credit Interest and the Business Cycle$fJoseph A. Schumpeter. - Traduzione di Opie Redvers. 210 $aNew York$cOxford University Press$d1961. 215 $aXII, 255 p.$d20 cm 300 $aTitolo originale :"Theorie der Wirtshaftlichen Entwicklung " 610 0 $aEconomia 700 1$aSchumpeter,$bJoseph Alois$f<1883-1950>$050457 801 0$aIT$bUNINA$gRICA$2UNIMARC 901 $aBK 912 $a990002532690403321 952 $aXXVI-C-29$b2358$fMAS 959 $aMAS 996 $aTheory of Economics Development$9438384 997 $aUNINA DB $aING01 LEADER 01137oam 2200409 450 001 9910830607303321 005 20210820191407.0 010 $a3-527-82358-1 010 $a3-527-82356-5 010 $a3-527-82357-3 035 $a(CKB)4100000011778598 035 $a(MiAaPQ)EBC6499988 035 $a(EXLCZ)994100000011778598 100 $a20210820d2021 uy 0 101 0 $aeng 135 $aurcnu|||||||| 181 $ctxt$2rdacontent 182 $cc$2rdamedia 183 $acr$2rdacarrier 200 00$aTotal chemical synthesis of proteins /$fedited by Lei Liu, Ashraf Brik, Philip Dawson 210 1$aWeinheim, Germany :$cWiley-VCH,$d[2021] 210 4$d©2021 215 $a1 online resource (627 pages) 311 $a3-527-34660-0 606 $aProteins$xSynthesis 615 0$aProteins$xSynthesis. 676 $a574.19296 702 $aLiu$b Lei 702 $aBrik$b Ashraf 702 $aDawson$b Philip 801 0$bMiAaPQ 801 1$bMiAaPQ 801 2$bUtOrBLW 906 $aBOOK 912 $a9910830607303321 996 $aTotal chemical synthesis of proteins$94067244 997 $aUNINA